Analóg IC atlasz Müveleti erösitök és komparátok összehasonlíto báblázatokkal

Uložené v:
Podrobná bibliografia
Médium: Kniha
Jazyk:Hungarian
Vydavateľské údaje: Budapest Műszaki könyvkiadó 1986
Tagy: Pridať tag
Žiadne tagy, Buďte prvý, kto otaguje tento záznam!

MARC

LEADER 00000nam a2200000 4500
001 c033185
005 20260105121448.9
041 0 |a hun 
044 |a HU 
245 1 0 |a Analóg IC atlasz  |b Müveleti erösitök és komparátok összehasonlíto báblázatokkal  |c Béla Magyari 
264 1 |a Budapest  |b Műszaki könyvkiadó  |c 1986 
300 |a 292 s.